Traditional systems of water and water resources management along the Upper Congo River / (Record no. 6862)

MARC details
000 -LEADER
fixed length control field 01590cam a2200361 a 4500
001 - CONTROL NUMBER
control field 17335073
003 - CONTROL NUMBER IDENTIFIER
control field OSt
005 - DATE AND TIME OF LATEST TRANSACTION
control field 20210412113109.0
008 - FIXED-LENGTH DATA ELEMENTS--GENERAL INFORMATION
fixed length control field 120607s2010 ug ab b 001 0 eng
010 ## - LIBRARY OF CONGRESS CONTROL NUMBER
LC control number 2012311447
020 ## - INTERNATIONAL STANDARD BOOK NUMBER
International Standard Book Number 9789970250318 (pbk.)
020 ## - INTERNATIONAL STANDARD BOOK NUMBER
International Standard Book Number 9970250310 (pbk.)
035 ## - SYSTEM CONTROL NUMBER
System control number (OCoLC)ocn760985228
040 ## - CATALOGING SOURCE
Original cataloging agency OI@
Transcribing agency DDC
Modifying agency ZCU
-- DLC
042 ## - AUTHENTICATION CODE
Authentication code lccopycat
-- lcode
043 ## - GEOGRAPHIC AREA CODE
Geographic area code fc-----
082 04 - DEWEY DECIMAL CLASSIFICATION NUMBER
Classification number 333.91 TSH 2010.
100 1# - MAIN ENTRY--PERSONAL NAME
Personal name Tshimanga, Raphael M.
9 (RLIN) 14076
245 10 - TITLE STATEMENT
Title Traditional systems of water and water resources management along the Upper Congo River /
Statement of responsibility, etc. Raphael M. Tshimanga.
246 30 - VARYING FORM OF TITLE
Title proper/short title Upper Congo River
260 ## - PUBLICATION, DISTRIBUTION, ETC. (IMPRINT)
Place of publication, distribution, etc. Kampala, Uganda :
Name of publisher, distributor, etc. Fountain Publishers,
Date of publication, distribution, etc. 2010.
300 ## - PHYSICAL DESCRIPTION
Extent xii, 84 p. :
Other physical details ill., maps ;
Dimensions 21 cm.
504 ## - BIBLIOGRAPHY, ETC. NOTE
Bibliography, etc Includes bibliographical references (p. 77-82) and index.
505 0# - FORMATTED CONTENTS NOTE
Formatted contents note Research background -- Aquatic environment, settlements, and subsistence -- Eco-concepts: understanding the environment and its values -- Traditional systems of knowledge -- Concluding remarks.
650 #0 - SUBJECT ADDED ENTRY--TOPICAL TERM
Topical term or geographic name as entry element Water resources development
General subdivision Environmental aspects
Geographic subdivision Congo River Watershed.
9 (RLIN) 14077
650 #0 - SUBJECT ADDED ENTRY--TOPICAL TERM
Topical term or geographic name as entry element Water resources development
Geographic subdivision Congo River Watershed.
9 (RLIN) 14078
650 #0 - SUBJECT ADDED ENTRY--TOPICAL TERM
Topical term or geographic name as entry element Water-supply
Geographic subdivision Congo River Watershed
General subdivision Management.
9 (RLIN) 14079
651 #0 - SUBJECT ADDED ENTRY--GEOGRAPHIC NAME
Geographic name Congo River Watershed
General subdivision History.
9 (RLIN) 14080
651 #0 - SUBJECT ADDED ENTRY--GEOGRAPHIC NAME
Geographic name Congo River.
9 (RLIN) 14081
906 ## - LOCAL DATA ELEMENT F, LDF (RLIN)
a 7
b cbc
c copycat
d 3
e ncip
f 20
g y-gencatlg
942 ## - ADDED ENTRY ELEMENTS (KOHA)
Source of classification or shelving scheme Dewey Decimal Classification
Koha item type Open Shelf
Holdings
Withdrawn status Lost status Source of classification or shelving scheme Damaged status Not for loan Home library Current library Date acquired Source of acquisition Inventory number Total Checkouts Full call number Barcode Date last seen Price effective from Koha item type
    Dewey Decimal Classification     MUST Main Library MUST Main Library 10/05/2021 purchase 11/33278   333.91 TSH 2010. 2021-0495 10/05/2021 10/05/2021 Open Shelf
    Dewey Decimal Classification     MUST Main Library MUST Main Library 10/07/2024 Donation 2012/36165   333.91 TSH 2010. 2024-21898 10/07/2024 10/07/2024 Open Shelf